| 000 | 00463nam a22001457a 4500 | ||
|---|---|---|---|
| 999 |
_c130568 _d130568 |
||
| 008 | 201028b ||||| |||| 00| 0 eng d | ||
| 020 | _a038523242 X | ||
| 050 | _aPQ4817.U193 M63 1986 | ||
| 100 |
_aGuareschi, Giovanni _950047 |
||
| 245 |
_aThe little world of Don Camilo _c/ by Giovanni Guareschi |
||
| 260 |
_aNew York: _bDouble day and company, _c1986. |
||
| 300 |
_a133p. ; _c21cm. |
||
| 700 |
_aTroubridge, Una Vincenzo _etr. _950048 |
||
| 942 |
_2lcc _cMONOGRAPH |
||